000 00514nam a2200193Ia 4500
005 20250508160313.0
008 008 250505s9999 xx 000 0 eng d
037 _aReference
040 _aFEDL
_beng
_cFEDL
041 _aeng
_2eng
084 _a423, JON
_qFEDL
100 _aJones Daniel
245 0 _aEveryman's english pronouncing
250 _a13th
260 _aLondon, UK
_bJ M Dent and Sons Limited
_c1968
300 _axlvi,544p.
942 _cREF
_h423, JON
999 _c1363504
_d1363504